000 00643nam a2200181 4500
010 _aHIN-130900
020 _a9789369449651
_c399.00
035 _aHN-103246
037 _bDBAD
082 _a
100 _aअस्थाना, विनीता
_986586
245 _aबुई /
_cविनीता अस्थाना
250 _a
260 _aनई दिल्ली
_bवाणी प्रकाशन
_c2025
270 _a4695,21-ए, दरियागंज,
_bनई दिल्ली
_e110002
300 _a132पृ.
_c22सेमी (सजिल्द)
942 _2ddc
_cHN
_h
_mअस्थाना
999 _c214282
_d214282